[Event "POL-chT 1st League"]
[Site "Poronin"]
[Date "2016.09.10"]
[Round "8.1"]
[White "Obrusnik, Michal"]
[Black "Schmidt, Wlodzimierz"]
[Result "1/2-1/2"]
[WhiteElo "2276"]
[BlackElo "2289"]
[PlyCount "77"]
[EventDate "2016.09.03"]
[EventType "team-tourn"]
[EventRounds "9"]
[EventCountry "POL"]
[SourceTitle "CBM 174 Extra"]
[Source "ChessBase"]
[SourceDate "2016.10.10"]
[SourceVersion "1"]
[SourceVersionDate "2016.10.10"]
[SourceQuality "1"]
[WhiteTeam "Raciborz Silesia"]
[BlackTeam "Gliwice Akademia Szachowa"]
[WhiteTeamCountry "POL"]
[BlackTeamCountry "POL"]

1. e4 e6 2. d4 d5 3. Nd2 c5 4. exd5 exd5 5. Ngf3 Nf6 6. Bb5+ Bd7 7. Bxd7+ Nbxd7 8. 0-0 Be7 9. dxc5 Nxc5 10. Nb3 Nce4 11. Nfd4 Nd6 12. Re1 0-0 13. Bg5 Re8 14. Qf3 Nfe4 15. Bxe7 Rxe7 16. Nf5 Nxf5 17. Qxf5 Qb6 18. Qf3 Rae8 19. Qe3 Qxe3 20. Rxe3 Nf6 21. Rxe7 Rxe7 22. Kf1 Kf8 23. Nd4 g6 24. Rd1 a6 25. c3 Ke8 26. Nc2 Rd7 27. Ne3 h5 28. f3 Ke7 29. g4 hxg4 30. fxg4 Ke6 31. Kg2 Ne4 32. Kf3 f5 33. gxf5+ gxf5 34. Ng2 Ke5 35. Nf4 Ng5+ 36. Kg3 Ne4+ 37. Kf3 Ng5+ 38. Kg3 Ne4+ 39. Kf3 1/2-1/2

[Event "POL-chT"]
[Site "Poland"]
[Date "2015.05.10"]
[Round "3.5"]
[White "Piorun, Kacper"]
[Black "Obrusnik, Michal"]
[Result "1-0"]
[WhiteElo "2586"]
[BlackElo "2288"]
[PlyCount "107"]
[EventDate "2015.05.08"]
[EventType "team-tourn"]
[EventRounds "9"]
[EventCountry "POL"]
[SourceTitle "CBM 166 Extra"]
[Source "ChessBase"]
[SourceDate "2015.06.18"]
[SourceVersion "1"]
[SourceVersionDate "2015.06.18"]
[SourceQuality "1"]
[WhiteTeam "Gorzow Wielkopolski Stilon"]
[BlackTeam "Raciborz Silesia "]
[WhiteTeamCountry "POL"]
[BlackTeamCountry "POL"]

1. Nf3 c5 2. g3 Nc6 3. Bg2 g6 4. 0-0 Bg7 5. e4 d6 6. d3 Nf6 7. Nc3 0-0 8. Nh4 e5 9. f4 exf4 10. Bxf4 Nd4 11. Qd2 Ne6 12. Bh6 Bxh6 13. Qxh6 Ng4 14. Qc1 Qg5 15. Qxg5 Nxg5 16. Nd5 Be6 17. Nf4 Ne3 18. Rf2 Nxg2 19. Kxg2 Bd7 20. h3 h5 21. Kh2 Kg7 22. Raf1 b5 23. Nhg2 a5 24. Ne3 a4 25. a3 Rab8 26. h4 Nh7 27. Nfd5 Be6 28. c3 Rb7 29. Rf4 Re8 30. R1f2 Nf8 31. Nf6 Rd8 32. d4 Bc8 33. d5 Re7 34. c4 bxc4 35. Nxc4 Ba6 36. Ne3 Bc8 37. Kg2 Bd7 38. Kf1 Bc8 39. Ke1 Bd7 40. Kd2 Bc8 41. Kc1 Bd7 42. R4f3 Bc8 43. Nc4 Ba6 44. Na5 Bb5 45. Nc6 Bxc6 46. dxc6 Rc8 47. Nd5 Ra7 48. c7 Raxc7 49. Nxc7 Rxc7 50. Rd2 Ne6 51. Rxd6 Nd4 52. Re3 Re7 53. Re1 f5 54. e5 1-0

[Event "CZE-chT2F 1415"]
[Site "Czech Republic"]
[Date "2015.03.29"]
[Round "10.12"]
[White "Weissmann, Lukas"]
[Black "Obrusnik, Michal"]
[Result "1/2-1/2"]
[WhiteElo "2159"]
[BlackElo "2324"]
[PlyCount "27"]
[EventDate "2014.11.02"]
[EventType "team-tourn"]
[EventRounds "11"]
[EventCountry "CZE"]
[SourceTitle "EXT 2022"]
[Source "ChessBase"]
[SourceDate "2021.10.06"]
[SourceVersion "1"]
[SourceVersionDate "2021.10.06"]
[SourceQuality "1"]
[WhiteTeam "Dobra"]
[BlackTeam "Havirov Slovan"]
[WhiteTeamCountry "CZE"]
[BlackTeamCountry "CZE"]

1. Nf3 c5 2. c4 Nc6 3. Nc3 g6 4. e3 Nf6 5. d4 cxd4 6. exd4 d5 7. cxd5 Nxd5 8. Qb3 Nxc3 9. Bc4 Nd5 10. Bxd5 e6 11. Bxc6+ bxc6 12. 0-0 Qd5 13. Bf4 Be7 14. Rfc1 1/2-1/2

[Event "CZE-chT2F 1415"]
[Site "Czech Republic"]
[Date "2015.01.25"]
[Round "6.12"]
[White "Obsivac, Josef"]
[Black "Obrusnik, Michal"]
[Result "1-0"]
[WhiteElo "2281"]
[BlackElo "2324"]
[PlyCount "67"]
[EventDate "2014.11.02"]
[EventType "team-tourn"]
[EventRounds "11"]
[EventCountry "CZE"]
[SourceTitle "EXT 2022"]
[Source "ChessBase"]
[SourceDate "2021.10.06"]
[SourceVersion "1"]
[SourceVersionDate "2021.10.06"]
[SourceQuality "1"]
[WhiteTeam "Grygov II"]
[BlackTeam "Havirov Slovan"]
[WhiteTeamCountry "CZE"]
[BlackTeamCountry "CZE"]

1. d4 Nf6 2. c4 e6 3. Nf3 Bb4+ 4. Nbd2 a5 5. a3 Be7 6. e4 d5 7. e5 Nfd7 8. Bd3 dxc4 9. Nxc4 c5 10. Be3 Nc6 11. Nd6+ Bxd6 12. exd6 cxd4 13. Nxd4 Nxd4 14. Bxd4 e5 15. Be3 Qf6 16. Bb5 0-0 17. Qd2 Qe6 18. 0-0 Nf6 19. Rfd1 Bd7 20. Qe2 Rac8 21. a4 Qb3 22. Bg5 Bxb5 23. Qxb5 Qxb5 24. axb5 Nd7 25. Rdc1 f6 26. Be3 Kf7 27. Rc7 Ke6 28. b6 f5 29. f3 f4 30. Bf2 a4 31. g3 Nf6 32. Rxb7 Kxd6 33. Ra7 fxg3 34. hxg3 1-0

[Event "Krakow op-A 25th"]
[Site "Krakow"]
[Date "2014.12.29"]
[Round "4"]
[White "Obrusnik, Michal"]
[Black "Bortnyk, Olexandr"]
[Result "0-1"]
[WhiteElo "2324"]
[BlackElo "2533"]
[PlyCount "54"]
[EventDate "2014.12.27"]
[EventType "swiss"]
[EventRounds "9"]
[EventCountry "POL"]
[SourceTitle "CBM 164 Extra"]
[Source "ChessBase"]
[SourceDate "2015.03.02"]
[SourceVersion "1"]
[SourceVersionDate "2015.03.02"]
[SourceQuality "1"]

1. e4 Nf6 2. e5 Nd5 3. d4 d6 4. c4 Nb6 5. f4 dxe5 6. fxe5 Nc6 7. Be3 Bf5 8. Nc3 e6 9. Nf3 Bb4 10. Be2 Na5 11. c5 Nd5 12. Bd2 b6 13. a3 Bxc3 14. bxc3 0-0 15. c4 Ne7 16. cxb6 axb6 17. 0-0 Be4 18. Be3 Nf5 19. Bf2 Qd7 20. Ng5 Bb7 21. g4 Ne7 22. Qd3 Ng6 23. Be3 Qc6 24. Nf3 Rad8 25. Qc3 Qe4 26. h3 Nf4 27. Bxf4 Qxf4 0-1

[Event "Krakow op-A 25th"]
[Site "Krakow"]
[Date "2014.12.28"]
[Round "2"]
[White "Obrusnik, Michal"]
[Black "Mucha, Piotr"]
[Result "1-0"]
[WhiteElo "2324"]
[BlackElo "2106"]
[PlyCount "109"]
[EventDate "2014.12.27"]
[EventType "swiss"]
[EventRounds "9"]
[EventCountry "POL"]
[SourceTitle "CBM 164 Extra"]
[Source "ChessBase"]
[SourceDate "2015.03.02"]
[SourceVersion "1"]
[SourceVersionDate "2015.03.02"]
[SourceQuality "1"]

1. e4 c5 2. c3 d5 3. exd5 Qxd5 4. d4 e6 5. Nf3 Nf6 6. Be3 Nc6 7. c4 Qd8 8. Nc3 cxd4 9. Nxd4 Nxd4 10. Bxd4 Bd7 11. Be2 Bc6 12. 0-0 Be7 13. a3 0-0 14. b4 Ne4 15. Qd3 Nxc3 16. Qxc3 f6 17. f4 b6 18. Qe3 Qc8 19. Rac1 Bd6 20. b5 Bb7 21. c5 bxc5 22. Bxc5 Bxc5 23. Rxc5 Qd7 24. Rd1 Qf7 25. Bc4 Rfe8 26. Bb3 Qg6 27. Qg3 Qxg3 28. hxg3 Rac8 29. Bxe6+ Rxe6 30. Rxc8+ Bxc8 31. Rd8+ Kf7 32. Rxc8 a6 33. Rc7+ Kf8 34. Rc8+ Kf7 35. Rc7+ Kf8 36. bxa6 Rxa6 37. Rc3 Kf7 38. Kf2 Ke6 39. Ke3 Ra4 40. Kd3 g5 41. fxg5 fxg5 42. Kc2 h5 43. Kb3 Re4 44. a4 Re2 45. a5 Rxg2 46. a6 Rf2 47. Kb4 Kd6 48. a7 Rf8 49. Kb5 h4 50. gxh4 gxh4 51. Kb6 Rh8 52. Rh3 Ke5 53. Rxh4 Rxh4 54. a8Q Re4 55. Kc5 1-0

[Event "Krakow op-A 25th"]
[Site "Krakow"]
[Date "2014.12.27"]
[Round "1"]
[White "Bus, Konrad"]
[Black "Obrusnik, Michal"]
[Result "1/2-1/2"]
[WhiteElo "2117"]
[BlackElo "2324"]
[PlyCount "113"]
[EventDate "2014.12.27"]
[EventType "swiss"]
[EventRounds "9"]
[EventCountry "POL"]
[SourceTitle "CBM 164 Extra"]
[Source "ChessBase"]
[SourceDate "2015.03.02"]
[SourceVersion "1"]
[SourceVersionDate "2015.03.02"]
[SourceQuality "1"]

1. c4 e5 2. g3 Nf6 3. Bg2 c6 4. d4 exd4 5. Qxd4 Na6 6. Nf3 Bc5 7. Qe5+ Be7 8. 0-0 0-0 9. Nc3 Re8 10. Qf4 Bb4 11. Bd2 d5 12. cxd5 Bxc3 13. bxc3 Nxd5 14. Qd4 Bf5 15. Nh4 Be6 16. e4 Nb6 17. Nf5 Bxf5 18. exf5 Qxd4 19. cxd4 Rad8 20. Rab1 Rxd4 21. Be3 Ra4 22. Bxb6 axb6 23. Rxb6 Nc5 24. Rc1 Ra5 25. Bf1 Kf8 26. Rb4 Rd8 27. Rh4 Kg8 28. Bc4 Na6 29. Bxa6 Rxa6 30. Rb4 b5 31. g4 Kf8 32. Rc2 Rd1+ 33. Kg2 Ke7 34. g5 Rd5 35. Rf4 Kd6 36. h4 c5 37. f6 g6 38. Re4 Rd4 39. Re7 Rxh4 40. Rxf7 Rg4+ 41. Kf1 Rxg5 42. Rxh7 Rf5 43. f7 Kd5 44. Rh8 Rxf7 45. Rd8+ Ke4 46. Re8+ Kd3 47. Rxc5 Rxa2 48. Rxb5 Rfxf2+ 49. Kg1 Rg2+ 50. Kh1 Rh2+ 51. Kg1 Rag2+ 52. Kf1 Ra2 53. Kg1 Rhg2+ 54. Kh1 Rg4 55. Rb3+ Kc4 56. Rbe3 Kd4 57. Re1 1/2-1/2

[Event "POL-chT1"]
[Site "Poronin"]
[Date "2014.09.03"]
[Round "5.1"]
[White "Obrusnik, Michal"]
[Black "Gritsak, Orest"]
[Result "1/2-1/2"]
[WhiteElo "2289"]
[BlackElo "2516"]
[PlyCount "84"]
[EventDate "2014.08.31"]
[EventType "team-tourn"]
[EventRounds "9"]
[EventCountry "POL"]
[SourceTitle "CBM 162 Extra"]
[Source "ChessBase"]
[SourceDate "2014.10.17"]
[SourceVersion "1"]
[SourceVersionDate "2014.10.17"]
[SourceQuality "1"]
[WhiteTeam "Raciborz Silesia"]
[BlackTeam "Lublin Drakon SKOK Chmielewskiego"]
[WhiteTeamCountry "POL"]
[BlackTeamCountry "POL"]

1. e4 c5 2. Nf3 e6 3. d4 cxd4 4. Nxd4 a6 5. Be2 Nf6 6. Nc3 d6 7. 0-0 Be7 8. a4 Nc6 9. Be3 0-0 10. f4 Bd7 11. Nb3 Na5 12. e5 Ne8 13. Bd3 Nxb3 14. cxb3 Bc6 15. Qc2 g6 16. a5 Rc8 17. Bb6 Qd7 18. Qe2 Ng7 19. Rad1 Bd8 20. Qf2 Bxb6 21. Qxb6 d5 22. Ne2 Qc7 23. Qb4 f6 24. exf6 Rxf6 25. g3 e5 26. fxe5 Rxf1+ 27. Rxf1 Qxe5 28. Qf4 Qxf4 29. Nxf4 Rf8 30. b4 Rf6 31. Bc2 Ne6 32. Nxe6 Rxe6 33. Kf2 Rf6+ 34. Ke1 Rxf1+ 35. Kxf1 Kf7 36. Ke2 Kf6 37. h4 Ke5 38. h5 gxh5 39. Bxh7 Bd7 40. Bg6 Bg4+ 41. Ke3 d4+ 42. Kd2 Bf3 1/2-1/2

[Event "Warsaw Najdorf Memorial op-A 12th"]
[Site "Warsaw"]
[Date "2014.07.18"]
[Round "7"]
[White "Cajbel, Maciej"]
[Black "Obrusnik, Michal"]
[Result "1-0"]
[WhiteElo "2206"]
[BlackElo "2306"]
[PlyCount "83"]
[EventDate "2014.07.14"]
[EventType "swiss"]
[EventRounds "9"]
[EventCountry "POL"]
[SourceTitle "CBM 161 Extra"]
[Source "ChessBase"]
[SourceDate "2014.08.29"]
[SourceVersion "1"]
[SourceVersionDate "2014.08.29"]
[SourceQuality "1"]

1. e4 c5 2. Nc3 a6 3. a4 e6 4. g3 d5 5. exd5 exd5 6. Bg2 Nf6 7. d3 Be7 8. Nge2 0-0 9. 0-0 Nc6 10. Bg5 d4 11. Bxf6 Bxf6 12. Nd5 Be5 13. Qd2 Be6 14. Nef4 g5 15. Nh5 f5 16. f4 Bh8 17. c4 dxc3 18. Nxc3 g4 19. h3 Bf7 20. hxg4 fxg4 21. f5 Bd4+ 22. Kh2 Bxh5 23. Qh6 Qe8 24. Rae1 Ne5 25. Nd5 Rd8 26. f6 Qf7 27. Rxe5 Bxe5 28. Qg5+ Kh8 29. Qxe5 Bg6 30. Rf4 Bxd3 31. Ne7 Rd4 32. Bd5 Rxd5 33. Nxd5 Rd8 34. Ne7 Bg6 35. Rxg4 Rd2+ 36. Kh3 Rd8 37. Qg5 Rf8 38. Qh6 Rg8 39. Nxg8 Kxg8 40. Qf4 Qd7 41. Kh4 Qd5 42. Qc4 1-0

[Event "Orlova GM 11th"]
[Site "Orlova"]
[Date "2014.05.29"]
[Round "6"]
[White "Obrusnik, Michal"]
[Black "Simantsev, Mikhail"]
[Result "1/2-1/2"]
[WhiteElo "2295"]
[BlackElo "2464"]
[PlyCount "27"]
[EventDate "2014.05.26"]
[EventType "tourn"]
[EventRounds "9"]
[EventCountry "CZE"]
[EventCategory "8"]
[SourceTitle "CBM 160 Extra"]
[Source "ChessBase"]
[SourceDate "2014.07.01"]
[SourceVersion "1"]
[SourceVersionDate "2014.07.01"]
[SourceQuality "1"]

1. e4 c5 2. Nf3 e6 3. d4 cxd4 4. Nxd4 a6 5. Bd3 Nf6 6. 0-0 d6 7. c4 g6 8. Nc3 Bg7 9. Qe2 0-0 10. Nf3 Nbd7 11. Bf4 Qc7 12. h3 b6 13. Qe3 Bb7 14. Rfd1 1/2-1/2

[Event "Gora Sw Anny op-A 7th"]
[Site "Gora Sw Anny"]
[Date "2014.02.28"]
[Round "8"]
[White "Rozycki, Bartlomiej"]
[Black "Obrusnik, Michal"]
[Result "0-1"]
[WhiteElo "2097"]
[BlackElo "2278"]
[PlyCount "82"]
[EventDate "2014.02.22"]
[EventType "swiss"]
[EventRounds "10"]
[EventCountry "POL"]
[SourceTitle "CBM 159 Extra"]
[Source "ChessBase"]
[SourceDate "2014.04.24"]
[SourceVersion "1"]
[SourceVersionDate "2014.04.24"]
[SourceQuality "1"]

1. e4 c5 2. Nf3 Nc6 3. Bb5 d6 4. 0-0 Bd7 5. Re1 Nf6 6. h3 a6 7. Bf1 g6 8. d4 cxd4 9. Nxd4 Bg7 10. Be3 Nxe4 11. Nd2 Nxd2 12. Qxd2 0-0 13. Nxc6 Bxc6 14. Bg5 Re8 15. c3 Qc7 16. Bc4 e6 17. Bb3 d5 18. Rad1 b5 19. h4 a5 20. h5 a4 21. Bc2 e5 22. hxg6 fxg6 23. Re3 b4 24. cxb4 d4 25. Rh3 e4 26. Rc1 Qe5 27. Bf4 Qe6 28. Bd1 Bd5 29. Ra3 Bc6 30. Be2 d3 31. Bd1 Bf8 32. b3 axb3 33. Bxb3 Bd5 34. Rxa8 Rxa8 35. Rb1 Rc8 36. b5 Bxb3 37. Rxb3 Rc2 38. Qe1 Bc5 39. Be3 Bxe3 40. Qxe3 Qxb3 41. axb3 d2 0-1

[Event "Gora Sw Anny op-A 7th"]
[Site "Gora Sw Anny"]
[Date "2014.02.26"]
[Round "6"]
[White "Nurkiewicz, Maciej"]
[Black "Obrusnik, Michal"]
[Result "1-0"]
[WhiteElo "2390"]
[BlackElo "2278"]
[PlyCount "77"]
[EventDate "2014.02.22"]
[EventType "swiss"]
[EventRounds "10"]
[EventCountry "POL"]
[SourceTitle "CBM 159 Extra"]
[Source "ChessBase"]
[SourceDate "2014.04.24"]
[SourceVersion "1"]
[SourceVersionDate "2014.04.24"]
[SourceQuality "1"]

1. e4 c5 2. Nf3 d6 3. d4 cxd4 4. Nxd4 Nf6 5. Nc3 a6 6. Bg5 Nbd7 7. f4 Qc7 8. Qf3 b5 9. 0-0-0 Bb7 10. a3 g6 11. h4 Bg7 12. Bxf6 Bxf6 13. g4 Qb6 14. Nb3 Rc8 15. Nd5 Bxd5 16. Rxd5 Qc6 17. Rd2 Nb6 18. g5 Bg7 19. Na5 Qc7 20. Bh3 Rb8 21. e5 Nc4 22. Nxc4 bxc4 23. c3 dxe5 24. Bd7+ Kf8 25. f5 e4 26. Qxe4 Qe5 27. Qc6 gxf5 28. Bc8 f6 29. Rd8+ Kf7 30. Qxc4+ Kg6 31. Rxh8 Bxh8 32. Qg8+ Kh5 33. Qxh7+ Kg4 34. Bxf5+ Kg3 35. gxf6 Kf2 36. Qg6 Qf4+ 37. Kb1 Rg8 38. Qxg8 Qxf5+ 39. Ka1 1-0

[Event "Gora Sw Anny op-A 7th"]
[Site "Gora Sw Anny"]
[Date "2014.02.25"]
[Round "5"]
[White "Obrusnik, Michal"]
[Black "Piotrowski, Przemyslaw"]
[Result "1-0"]
[WhiteElo "2278"]
[BlackElo "2062"]
[PlyCount "23"]
[EventDate "2014.02.22"]
[EventType "swiss"]
[EventRounds "10"]
[EventCountry "POL"]
[SourceTitle "CBM 159 Extra"]
[Source "ChessBase"]
[SourceDate "2014.04.24"]
[SourceVersion "1"]
[SourceVersionDate "2014.04.24"]
[SourceQuality "1"]

1. d4 g6 2. e4 d6 3. f4 Bg7 4. Nf3 Nf6 5. e5 dxe5 6. fxe5 Ng4 7. Bc4 0-0 8. 0-0 b6 9. Bf4 Ba6 10. Bxa6 Nxa6 11. h3 g5 12. Nxg5 1-0

[Event "UKR-POL U26"]
[Site "Lvov"]
[Date "2013.09.28"]
[Round "4"]
[White "Volovikov, Anton"]
[Black "Obrusnik, Michal"]
[Result "1-0"]
[WhiteElo "2305"]
[BlackElo "2248"]
[PlyCount "99"]
[EventDate "2013.09.26"]
[EventType "team-swiss"]
[EventRounds "5"]
[EventCountry "UKR"]
[SourceTitle "CBM 156 Extra"]
[Source "ChessBase"]
[SourceDate "2013.10.22"]
[SourceVersion "1"]
[SourceVersionDate "2013.10.22"]
[SourceQuality "1"]
[WhiteTeam "Donetsk Univ"]
[BlackTeam "Katowice Silesia Univ"]
[WhiteTeamCountry "UKR"]
[BlackTeamCountry "POL"]

1. e4 c5 2. Nc3 a6 3. f4 b5 4. Nf3 Bb7 5. d3 e6 6. g4 b4 7. Ne2 d5 8. e5 h5 9. gxh5 Rxh5 10. Ng3 Rh8 11. f5 exf5 12. Nxf5 Qd7 13. Ng3 Nc6 14. Bg2 0-0-0 15. 0-0 f6 16. exf6 Nxf6 17. Bf4 d4 18. Nd2 Na5 19. Bxb7+ Kxb7 20. Qf3+ Nd5 21. Nge4 Nc6 22. Bg3 Be7 23. Nc4 Ka7 24. Qf5 Qxf5 25. Rxf5 Rhf8 26. Raf1 Ne3 27. Rxf8 Rxf8 28. Nxe3 dxe3 29. Rxf8 Bxf8 30. c3 Kb6 31. Kf1 bxc3 32. bxc3 Kb5 33. Ke2 Ka4 34. Kxe3 Ka3 35. Kd2 Kxa2 36. Kc2 Na5 37. d4 cxd4 38. cxd4 Ka3 39. d5 Kb4 40. d6 Nb7 41. d7 Kb5 42. Bd6 Bxd6 43. Nxd6+ Kc6 44. Nxb7 Kxd7 45. Nc5+ Kd6 46. Nxa6 Ke5 47. Kd2 Kf4 48. Ke2 Kg4 49. Kf2 Kh3 50. Kg1 1-0

[Event "UKR-POL U26"]
[Site "Lvov"]
[Date "2013.09.26"]
[Round "1"]
[White "Obrusnik, Michal"]
[Black "Podolsky, Anton"]
[Result "1/2-1/2"]
[WhiteElo "2248"]
[BlackElo "2247"]
[PlyCount "46"]
[EventDate "2013.09.26"]
[EventType "team-swiss"]
[EventRounds "5"]
[EventCountry "UKR"]
[SourceTitle "CBM 156 Extra"]
[Source "ChessBase"]
[SourceDate "2013.10.22"]
[SourceVersion "1"]
[SourceVersionDate "2013.10.22"]
[SourceQuality "1"]
[WhiteTeam "Katowice Silesia Univ"]
[BlackTeam "Ternopol Economic Univ"]
[WhiteTeamCountry "POL"]
[BlackTeamCountry "UKR"]

1. e4 e6 2. d4 d5 3. Nc3 Bb4 4. exd5 exd5 5. Bd3 Ne7 6. a3 Bxc3+ 7. bxc3 Bf5 8. Qf3 Bxd3 9. cxd3 0-0 10. Ne2 Nd7 11. 0-0 Re8 12. Rb1 b6 13. Nf4 Nf6 14. g4 c6 15. h4 Qc8 16. g5 Nd7 17. h5 Nf8 18. h6 g6 19. Ng2 Qf5 20. Qg3 Rad8 21. Bf4 Ne6 22. Bd2 Nf8 23. Bf4 Ne6 1/2-1/2

[Event "POL-chT2"]
[Site "Poronin"]
[Date "2013.09.14"]
[Round "8.3"]
[White "Obrusnik, Michal"]
[Black "Musialkiewicz, Jan"]
[Result "1/2-1/2"]
[WhiteElo "2248"]
[BlackElo "2266"]
[PlyCount "116"]
[EventDate "2013.09.06"]
[EventType "team-swiss"]
[EventRounds "9"]
[EventCountry "POL"]
[SourceTitle "EXT 2015"]
[Source "ChessBase"]
[SourceDate "2014.11.20"]
[SourceVersion "1"]
[SourceVersionDate "2014.11.20"]
[SourceQuality "1"]
[WhiteTeam "Raciborz KSz Silesia"]
[BlackTeam "Gniezno LKS Chrobry"]
[WhiteTeamCountry "POL"]
[BlackTeamCountry "POL"]

1. e4 c5 2. Nf3 d6 3. d4 cxd4 4. Nxd4 Nf6 5. Nc3 a6 6. h3 e5 7. Nde2 h5 8. Bg5 Be6 9. g3 Nbd7 10. Bg2 Be7 11. a4 0-0 12. 0-0 Qc7 13. b3 Bd8 14. Qd2 Rc8 15. Rac1 Qc6 16. Qd3 Ba5 17. Nd5 Bxd5 18. exd5 Qb6 19. Be3 Qc7 20. c4 Nc5 21. Qc2 Qd7 22. Nc3 Bxc3 23. Qxc3 b6 24. f4 Nfe4 25. Qc2 Nxg3 26. Rf3 h4 27. fxe5 dxe5 28. b4 e4 29. Rxg3 hxg3 30. bxc5 f5 31. c6 Qf7 32. Rf1 Rce8 33. d6 Re6 34. Qd2 Qf6 35. Qd5 Kh8 36. Bd4 Qg6 37. Be5 f4 38. d7 Qg5 39. Qxe6 f3 40. Bd4 Qd2 41. Bxg7+ Kxg7 42. Qg4+ Kf7 43. Qxg3 Rg8 44. Rxf3+ exf3 45. Qxf3+ Ke7 46. Qe4+ Kf6 47. Qh4+ Ke6 48. Qe4+ Kf6 49. c5 bxc5 50. Qh4+ Rg5 51. Qh8+ Kg6 52. Qe8+ Kg7 53. Qe7+ Kg6 54. Qe4+ Kg7 55. h4 Qd1+ 56. Kf2 Qd2+ 57. Kg1 Qd1+ 58. Kf2 Qd2+ 1/2-1/2

[Event "POL-chT2"]
[Site "Poronin"]
[Date "2013.09.13"]
[Round "7.3"]
[White "Olszewski, Michal"]
[Black "Obrusnik, Michal"]
[Result "0-1"]
[WhiteElo "2556"]
[BlackElo "2248"]
[PlyCount "80"]
[EventDate "2013.09.06"]
[EventType "team-swiss"]
[EventRounds "9"]
[EventCountry "POL"]
[SourceTitle "EXT 2015"]
[Source "ChessBase"]
[SourceDate "2014.11.20"]
[SourceVersion "1"]
[SourceVersionDate "2014.11.20"]
[SourceQuality "1"]
[WhiteTeam "Gliwice Akademia Szachowa"]
[BlackTeam "Raciborz KSz Silesia"]
[WhiteTeamCountry "POL"]
[BlackTeamCountry "POL"]

1. d4 Nf6 2. c4 e6 3. Nf3 b6 4. a3 Bb7 5. Nc3 d5 6. Bg5 Be7 7. Bxf6 Bxf6 8. cxd5 exd5 9. g3 0-0 10. Bg2 Qe7 11. 0-0 Rd8 12. Qb3 c5 13. Rad1 Na6 14. e3 Rab8 15. Qa4 Nc7 16. Rfe1 a6 17. Ne2 g6 18. Nf4 b5 19. Qc2 c4 20. h4 Bc8 21. Nh2 Be6 22. Nxe6 Qxe6 23. b4 Bg7 24. h5 Qd6 25. f4 a5 26. bxa5 Qxa3 27. Ra1 Qd6 28. Nf3 b4 29. hxg6 hxg6 30. Ne5 b3 31. Qc3 Bxe5 32. fxe5 Qb4 33. Qb2 c3 34. Qf2 c2 35. Rf1 Rf8 36. Rae1 Qc3 37. Rc1 Qxa5 38. Rce1 Qa4 39. Qf6 b2 40. Bh3 Qa6 0-1

[Event "POL-chT2"]
[Site "Poronin"]
[Date "2013.09.12"]
[Round "6.9"]
[White "Lercel, Michal"]
[Black "Obrusnik, Michal"]
[Result "0-1"]
[WhiteElo "2160"]
[BlackElo "2248"]
[PlyCount "65"]
[EventDate "2013.09.06"]
[EventType "team-swiss"]
[EventRounds "9"]
[EventCountry "POL"]
[SourceTitle "EXT 2015"]
[Source "ChessBase"]
[SourceDate "2014.11.20"]
[SourceVersion "1"]
[SourceVersionDate "2014.11.20"]
[SourceQuality "1"]
[WhiteTeam "Wisznia Mala OKSiR"]
[BlackTeam "Raciborz KSz Silesia"]
[WhiteTeamCountry "POL"]
[BlackTeamCountry "POL"]

1. d4 Nf6 2. c4 e6 3. Nc3 Bb4 4. e3 d5 5. a3 Be7 6. Nf3 0-0 7. Qc2 b6 8. cxd5 exd5 9. b4 c5 10. dxc5 bxc5 11. bxc5 Bxc5 12. Be2 Qe7 13. 0-0 Be6 14. Bb2 Nbd7 15. Rfd1 Rab8 16. Nd4 Bxd4 17. Rxd4 Rfc8 18. Rc1 Ne5 19. Qd2 Rc7 20. a4 Rcb7 21. Nb5 a6 22. Ba3 Qd7 23. Bd6 Ne4 24. Rxe4 dxe4 25. Qd4 Nc6 26. Qxe4 Rc8 27. Nd4 Nxd4 28. Rxc8+ Qxc8 29. exd4 Qc1+ 30. Bf1 Rb1 31. Qe2 h6 32. Be5 Bc4 33. Qd1 0-1

[Event "POL-chT2"]
[Site "Poronin"]
[Date "2013.09.10"]
[Round "4.9"]
[White "Kaim, Piotr"]
[Black "Obrusnik, Michal"]
[Result "0-1"]
[WhiteElo "2216"]
[BlackElo "2248"]
[PlyCount "149"]
[EventDate "2013.09.06"]
[EventType "team-swiss"]
[EventRounds "9"]
[EventCountry "POL"]
[SourceTitle "EXT 2015"]
[Source "ChessBase"]
[SourceDate "2014.11.20"]
[SourceVersion "1"]
[SourceVersionDate "2014.11.20"]
[SourceQuality "1"]
[WhiteTeam "Warszawa YMCA"]
[BlackTeam "Raciborz KSz Silesia"]
[WhiteTeamCountry "POL"]
[BlackTeamCountry "POL"]

1. e4 c5 2. Nf3 d6 3. Bb5+ Bd7 4. Bxd7+ Qxd7 5. 0-0 Nf6 6. e5 dxe5 7. Nxe5 Qc8 8. d4 e6 9. c3 Be7 10. Qa4+ Nc6 11. dxc5 Bxc5 12. Bg5 Be7 13. Rd1 Nd5 14. Bxe7 Ndxe7 15. Nd7 Nd5 16. c4 Qxd7 17. cxd5 exd5 18. Re1+ Kf8 19. Nc3 g6 20. b4 d4 21. b5 Ne7 22. Rad1 Nf5 23. Ne4 Kg7 24. Ng3 Rhd8 25. Nxf5+ gxf5 26. Rd3 a6 27. Qb4 Qd6 28. Qb2 axb5 29. Red1 Qe5 30. Re3 Qf6 31. Rg3+ Kh8 32. Qxb5 Rxa2 33. Rf3 d3 34. Rfxd3 Rxd3 35. Qxd3 Ra1 36. h3 Rxd1+ 37. Qxd1 Kg7 38. Qb3 Qa1+ 39. Kh2 Qe5+ 40. Kg1 b5 41. Qb4 Kf6 42. g3 Ke6 43. h4 Qa1+ 44. Kg2 Qa4 45. Qd2 f6 46. Kh2 Qc4 47. Qd8 Qc5 48. Qe8+ Kd5 49. Qf7+ Ke4 50. Kg2 b4 51. Qxf6 Qd5 52. Qe7+ Kd3+ 53. Kh2 b3 54. Qe3+ Kc2 55. Qe2+ Kb1 56. Qf1+ Kc2 57. Qe2+ Qd2 58. Qc4+ Qc3 59. Qe2+ Kc1 60. Qf1+ Kd2 61. Qb5 b2 62. Qxf5 Kc1 63. Qf4+ Qd2 64. Qc4+ Kd1 65. Qf1+ Kc2 66. Qc4+ Qc3 67. Qe2+ Kc1 68. Qf1+ Kd2 69. Qb5 Qd4 70. Kh3 Ke1 71. Qf5 Qd1 72. Qe5+ Qe2 73. Qf5 Kf1 74. Qxh7 Qd1 75. Qf5 0-1

[Event "POL-chT2"]
[Site "Poronin"]
[Date "2013.09.08"]
[Round "2.15"]
[White "Krzywda, Andrzej"]
[Black "Obrusnik, Michal"]
[Result "0-1"]
[WhiteElo "2136"]
[BlackElo "2248"]
[PlyCount "90"]
[EventDate "2013.09.06"]
[EventType "team-swiss"]
[EventRounds "9"]
[EventCountry "POL"]
[SourceTitle "EXT 2015"]
[Source "ChessBase"]
[SourceDate "2014.11.20"]
[SourceVersion "1"]
[SourceVersionDate "2014.11.20"]
[SourceQuality "1"]
[WhiteTeam "Chroscice LZS Victoria"]
[BlackTeam "Raciborz KSz Silesia"]
[WhiteTeamCountry "POL"]
[BlackTeamCountry "POL"]

1. Nf3 c5 2. e4 d6 3. d4 cxd4 4. Nxd4 Nf6 5. Nc3 a6 6. Bg5 Nbd7 7. f4 Qc7 8. Qf3 h6 9. Bh4 g5 10. fxg5 hxg5 11. Bxg5 Qc5 12. Be3 Ne5 13. Qe2 Neg4 14. Bg1 Bh6 15. Nf5 Qb4 16. Rd1 Bxf5 17. exf5 Qxb2 18. Bd4 Qb4 19. Qd3 Qa5 20. Be2 Ne5 21. Bxe5 Qxe5 22. Qd4 Bf4 23. Qxe5 Bxe5 24. Nd5 Nxd5 25. Rxd5 Rxh2 26. Rxh2 Bxh2 27. Kd2 Kd7 28. Kd3 Be5 29. Ke4 e6 30. fxe6+ fxe6 31. Rd1 b5 32. Rh1 Bf6 33. Rh6 d5+ 34. Kd3 Ke7 35. Bg4 Rg8 36. Bf3 Rc8 37. Rh7+ Kd6 38. Ra7 Rc3+ 39. Kd2 Ra3 40. Rb7 Bg5+ 41. Ke2 Rxa2 42. Kd3 e5 43. Kc3 e4 44. Be2 Bf6+ 45. Kd2 d4 0-1